Du coté de chez Swann /

Hlavní autor: Proust, Marcel, 1871-1922
Jazyk: Francouzština
Vydáno: Paris? : [s.n., 1929]
Edice: Recherche du temps perdu
Fyzický popis: 1 sv.
Knihy
Uloženo v:
LEADER 00660nam a22002172a 4500
001 000424738
003 CZ BrMZK
005 20210322134028.0
007 ta
008 990305s1929 fr f fre d
040 |a BOA001  |b cze 
100 1 |a Proust, Marcel,  |d 1871-1922  |7 jn19990006723  |4 aut 
245 1 0 |a Du coté de chez Swann /  |c Marcel Proust 
260 |a Paris? :  |b [s.n.,  |c 1929] 
300 |a 1 sv. 
490 1 |a A la recherche du temps perdu ;  |v t. 1 
830 0 |a Recherche du temps perdu 
910 |a BOA001  |b 1-0186.614,1 
990 |a BK 
991 |b 202103 
996 7 |b 2619795312  |c 1-0186.614,1  |l MZK  |r Sklad / do 1 hodiny  |n 20  |w 000424738  |u 000010  |a 1  |e BOA001  |j MZK50  |s A